Mai Magyarország
Enregistré dans:
| Format: | Livre |
|---|---|
| Langue: | hongrois |
| Publié: |
Budapest
Statisztikai Kiadó Vállalat
1985
|
| Tags: |
Pas de tags, Soyez le premier à ajouter un tag!
|
MARC
| LEADER | 00000nam a2200000 4500 | ||
|---|---|---|---|
| 001 | c106674 | ||
| 005 | 20221207065709.4 | ||
| 041 | 0 | |a hun | |
| 044 | |a HU | ||
| 245 | 1 | 0 | |a Mai Magyarország |
| 264 | 1 | |a Budapest |b Statisztikai Kiadó Vállalat |c 1985 | |
| 300 | |a 187 s. | ||